[Event "Biel HTO 56th"]
[Site "Biel"]
[Date "2023.07.25"]
[Round "8"]
[White "Jaksland, Tim"]
[Black "Rotunno, Flavio"]
[Result "1/2-1/2"]
[WhiteElo "2136"]
[BlackElo "2005"]
[PlyCount "71"]
[EventDate "2023.07.17"]
[EventType "swiss"]
[EventRounds "10"]
[EventCountry "SUI"]
[SourceTitle "CBM 215 Extra"]
[Source "ChessBase"]
[SourceDate "2023.09.30"]
[SourceVersion "1"]
[SourceVersionDate "2023.09.30"]
[SourceQuality "1"]

1. e4 c5 2. Nf3 e6 3. b3 a6 4. Bb2 Nc6 5. g3 d5 6. exd5 exd5 7. Qe2+ Qe7 8. Qxe7+ Ngxe7 9. Bg2 Nb4 10. Na3 Bf5 11. 0-0 Nxc2 12. Nxc2 Bxc2 13. Rfc1 Be4 14. d3 Bxd3 15. Rxc5 Be4 16. Rc7 Rb8 17. Rac1 Nc6 18. Ne5 Nxe5 19. Bxe5 f6 20. Bd4 Ba3 21. Rc8+ Kf7 22. R1c7+ Kg6 23. Rxh8 Rxh8 24. Rxb7 Rc8 25. Bxe4+ dxe4 26. Rb6 a5 27. Rb5 Bb4 28. a3 Rc1+ 29. Kg2 Bd2 30. Rc5 Rb1 31. Rc2 Bc1 32. Bc5 Kf7 33. b4 Bxa3 34. bxa5 Bxc5 35. Rxc5 Ra1 36. Rb5 1/2-1/2

[Event "Biel HTO 56th"]
[Site "Biel"]
[Date "2023.07.21"]
[Round "5"]
[White "Rotunno, Flavio"]
[Black "Wang, Chuqiao"]
[Result "1/2-1/2"]
[WhiteElo "2005"]
[BlackElo "2161"]
[PlyCount "39"]
[EventDate "2023.07.17"]
[EventType "swiss"]
[EventRounds "10"]
[EventCountry "SUI"]
[SourceTitle "CBM 215 Extra"]
[Source "ChessBase"]
[SourceDate "2023.09.30"]
[SourceVersion "1"]
[SourceVersionDate "2023.09.30"]
[SourceQuality "1"]

1. d4 Nf6 2. c4 e6 3. Nf3 d5 4. Nc3 c6 5. e3 Nbd7 6. Qc2 Bd6 7. b3 Qe7 8. Be2 0-0 9. 0-0 b6 10. Bb2 Bb7 11. Rad1 Rac8 12. e4 e5 13. Rfe1 dxe4 14. dxe5 Nxe5 15. Nxe4 Nxe4 16. Qxe4 c5 17. Qe3 Nxf3+ 18. Bxf3 Qxe3 19. Rxe3 Bxf3 20. Rxf3 1/2-1/2

[Event "SUI-ch U16"]
[Site "Biel"]
[Date "2022.07.20"]
[Round "5"]
[White "Rotunno, Flavio"]
[Black "Kostov, Kiril"]
[Result "1-0"]
[WhiteElo "1901"]
[BlackElo "2010"]
[PlyCount "57"]
[EventDate "2022.07.18"]
[EventType "swiss"]
[EventRounds "7"]
[EventCountry "SUI"]
[SourceTitle "EXT 2023"]
[Source "ChessBase"]
[SourceDate "2022.10.05"]
[SourceVersion "1"]
[SourceVersionDate "2022.10.05"]
[SourceQuality "1"]

1. d4 Nf6 2. c4 c5 3. d5 b5 4. cxb5 a6 5. Nc3 axb5 6. e4 b4 7. Nb5 d6 8. a4 Nbd7 9. Bc4 Nb6 10. Qe2 Nxc4 11. Qxc4 Nd7 12. Nf3 Ba6 13. Bf4 Qb8 14. 0-0 g6 15. e5 dxe5 16. Nxe5 Nxe5 17. Bxe5 Qxe5 18. Rfe1 Qb8 19. Qxc5 Kd8 20. d6 e6 21. Qe5 Rg8 22. Qf6+ Ke8 23. d7+ Kxd7 24. Qxf7+ Kc6 25. Rxe6+ Bd6 26. Rc1+ Kb6 27. Nxd6 Ka5 28. Re5+ Kb6 29. a5# 1-0

[Event "SUI-ch U16"]
[Site "Biel"]
[Date "2022.07.19"]
[Round "3"]
[White "Zargarov, Mikayel"]
[Black "Rotunno, Flavio"]
[Result "1-0"]
[WhiteElo "1994"]
[BlackElo "1901"]
[PlyCount "139"]
[EventDate "2022.07.18"]
[EventType "swiss"]
[EventRounds "7"]
[EventCountry "SUI"]
[SourceTitle "EXT 2023"]
[Source "ChessBase"]
[SourceDate "2022.10.05"]
[SourceVersion "1"]
[SourceVersionDate "2022.10.05"]
[SourceQuality "1"]

1. d4 Nf6 2. c4 e6 3. g3 d5 4. Bg2 Be7 5. Nf3 0-0 6. 0-0 dxc4 7. Ne5 c5 8. dxc5 Qxd1 9. Rxd1 Bxc5 10. Nc3 Nbd7 11. Nxc4 Nb6 12. Nxb6 Bxb6 13. b3 e5 14. Bb2 Bg4 15. h3 Bh5 16. g4 Bg6 17. Bxb7 Rab8 18. Bg2 h5 19. g5 Nh7 20. h4 f6 21. Nd5 fxg5 22. Nxb6 axb6 23. hxg5 Rf5 24. Rd7 Rxg5 25. f4 Bf5 26. fxg5 Bxd7 27. g6 Nf8 28. Be4 Bg4 29. Kf2 Rd8 30. Ke3 Rd6 31. Bxe5 Rd8 32. Bd4 Re8 33. Kd3 Bxe2+ 34. Kxe2 Rxe4+ 35. Kd3 Re6 36. a4 Nxg6 37. b4 Nf4+ 38. Kc4 Re4 39. Rd1 h4 40. a5 bxa5 41. bxa5 Re6 42. Rg1 g6 43. Rg4 Ne2 44. Rxh4 Nxd4 45. Rxd4 Re1 46. Kb5 Re5+ 47. Kb6 Re6+ 48. Kc5 Re5+ 49. Rd5 Re1 50. a6 Kf7 51. a7 Re8 52. Kb6 Ke6 53. Rc5 Kd7 54. Rc7+ Ke6 55. Kb7 Kf5 56. Rc8 Re7+ 57. Rc7 Re8 58. a8Q Rxa8 59. Kxa8 Kg4 60. Kb7 g5 61. Kc6 Kf3 62. Rf7+ Ke4 63. Rg7 Kf4 64. Kd5 g4 65. Kd4 Kf3 66. Kd3 g3 67. Rf7+ Kg2 68. Ke2 Kh1 69. Rg7 g2 70. Kf2 1-0

[Event "SUI-ch U16"]
[Site "Biel"]
[Date "2022.07.18"]
[Round "1"]
[White "Gendre, Arthur"]
[Black "Rotunno, Flavio"]
[Result "0-1"]
[WhiteElo "1414"]
[BlackElo "1901"]
[PlyCount "82"]
[EventDate "2022.07.18"]
[EventType "swiss"]
[EventRounds "7"]
[EventCountry "SUI"]
[SourceTitle "EXT 2023"]
[Source "ChessBase"]
[SourceDate "2022.10.05"]
[SourceVersion "1"]
[SourceVersionDate "2022.10.05"]
[SourceQuality "1"]

1. d4 Nf6 2. c4 e6 3. Nf3 Bb4+ 4. Bd2 c5 5. a3 Bxd2+ 6. Qxd2 cxd4 7. Nxd4 0-0 8. Nc3 a6 9. c5 d6 10. cxd6 Qxd6 11. Nf3 Qxd2+ 12. Kxd2 Nc6 13. e3 Rd8+ 14. Kc2 e5 15. Bd3 b5 16. b4 Bb7 17. Be2 Rac8 18. Rhd1 e4 19. Nd2 Ne5 20. Kb2 Nd3+ 21. Bxd3 exd3 22. f3 Nd5 23. Rac1 Nxe3 24. Rg1 Nc4+ 25. Nxc4 bxc4 26. Rcd1 Bc6 27. Rge1 Re8 28. Kc1 f6 29. Kd2 Kf7 30. Rxe8 Rxe8 31. Re1 Rxe1 32. Kxe1 Ke6 33. Kd2 Ke5 34. a4 Kd4 35. b5 axb5 36. axb5 Bb7 37. b6 Kc5 38. Na4+ Kb4 39. Nc3 Ka5 40. Nd1 Kxb6 41. Kc3 Bd5 0-1

[Event "SUI-ch U16"]
[Site "Biel"]
[Date "2022.07.18"]
[Round "2"]
[White "Rotunno, Flavio"]
[Black "Kasipour Azbari, Seyed Arvin"]
[Result "1/2-1/2"]
[WhiteElo "1901"]
[BlackElo "1944"]
[PlyCount "70"]
[EventDate "2022.07.18"]
[EventType "swiss"]
[EventRounds "7"]
[EventCountry "SUI"]
[SourceTitle "EXT 2023"]
[Source "ChessBase"]
[SourceDate "2022.10.05"]
[SourceVersion "1"]
[SourceVersionDate "2022.10.05"]
[SourceQuality "1"]

1. d4 d5 2. c4 c6 3. Nc3 Nf6 4. Nf3 e6 5. e3 Nbd7 6. Qc2 Bd6 7. b3 0-0 8. Be2 Re8 9. 0-0 e5 10. cxd5 cxd5 11. Nb5 Bb8 12. dxe5 Nxe5 13. Nxe5 Bxe5 14. Bb2 Bxb2 15. Qxb2 a6 16. Nd4 Qb6 17. Bf3 Bg4 18. Bxg4 Nxg4 19. h3 Ne5 20. Rfd1 Rac8 21. Ne2 Qf6 22. Qd2 Red8 23. Rac1 Rxc1 24. Qxc1 Nc6 25. Nd4 Nxd4 26. Rxd4 Qb6 27. Qd2 Qc5 28. e4 Rc8 29. Rxd5 Qc1+ 30. Qxc1 Rxc1+ 31. Kh2 g6 32. Rd7 Rc2 33. f3 b5 34. a4 Rc3 35. axb5 axb5 1/2-1/2

[Event "EU Union-ch U14 18th"]
[Site "Mureck"]
[Date "2021.08.12"]
[Round "9"]
[White "Dylong, Antoni"]
[Black "Rotunno, Flavio"]
[Result "1-0"]
[WhiteElo "1568"]
[BlackElo "1760"]
[PlyCount "75"]
[EventDate "2021.08.04"]
[EventType "swiss"]
[EventRounds "9"]
[EventCountry "AUT"]
[SourceTitle "EXT 2022"]
[Source "ChessBase"]
[SourceDate "2021.10.06"]
[SourceVersion "1"]
[SourceVersionDate "2021.10.06"]
[SourceQuality "1"]

1. e4 c5 2. c3 Nf6 3. e5 Nd5 4. d4 cxd4 5. cxd4 e6 6. Nf3 b6 7. Nc3 Bb7 8. Bg5 Nxc3 9. bxc3 Qc7 10. Bd2 Be7 11. Bd3 Ba6 12. Bxa6 Nxa6 13. Qe2 Qb7 14. Rb1 Nc7 15. c4 Qa6 16. Bg5 Bxg5 17. Nxg5 h6 18. Ne4 0-0 19. Nd6 Ne8 20. c5 Qxe2+ 21. Kxe2 Nxd6 22. cxd6 Rfc8 23. Rhc1 Kf8 24. Kd3 Ke8 25. f4 Rc6 26. Rxc6 dxc6 27. g4 g6 28. f5 exf5 29. gxf5 g5 30. d5 c5 31. e6 Rd8 32. d7+ Ke7 33. Re1 fxe6 34. fxe6 Rg8 35. Rf1 h5 36. Rf7+ Kd6 37. e7 Kxd7 38. Rf8 1-0

[Event "EU Union-ch U14 18th"]
[Site "Mureck"]
[Date "2021.08.11"]
[Round "8"]
[White "Rotunno, Flavio"]
[Black "Religa, Marek"]
[Result "1/2-1/2"]
[WhiteElo "1760"]
[BlackElo "1601"]
[PlyCount "71"]
[EventDate "2021.08.04"]
[EventType "swiss"]
[EventRounds "9"]
[EventCountry "AUT"]
[SourceTitle "EXT 2022"]
[Source "ChessBase"]
[SourceDate "2021.10.06"]
[SourceVersion "1"]
[SourceVersionDate "2021.10.06"]
[SourceQuality "1"]

1. d4 Nf6 2. Nf3 d5 3. c4 c6 4. Nc3 Bf5 5. cxd5 Nxd5 6. Qb3 Nb6 7. e4 Bg6 8. Be3 e6 9. a4 Qc8 10. Ne5 N6d7 11. Nxg6 hxg6 12. Rc1 Nf6 13. d5 Ng4 14. dxe6 fxe6 15. Bf4 Bc5 16. Bg3 0-0 17. Bc4 Re8 18. Ne2 Nf6 19. Nf4 Kh7 20. Bxe6 Qd8 21. Rxc5 Nxe4 22. Rc2 Qa5+ 23. Ke2 Nd7 24. Qc4 Qe5 25. Kf1 Ndc5 26. Nd3 Qxe6 27. Qxe6 Nxe6 28. f3 Nd4 29. Rc1 Nd2+ 30. Kf2 Re2+ 31. Kg1 Rae8 32. Nf4 N4xf3+ 33. gxf3 Nxf3+ 34. Kf1 Nd2+ 35. Kg1 Nf3+ 36. Kf1 1/2-1/2